Complete painting

Bibliographic Details
Corporate Author: Meredith Books
Other Authors: Johnston, Larry
Format: Book
Published: Iowa : Meredith Books , 2007
Subjects:

MARC

LEADER 00000cam a2200000 7i4500
001 0000113075
005 20080124.0
020 |a 9780696232114 
090 0 0 |a 698.1   |b COM 
245 0 0 |a Complete painting 
260 |a Iowa :   |b Meredith Books ,   |c 2007 
300 |a 191p. :   |b ill. ;   |c 25cm. 
650 0 0 |a Color in interior decoration 
650 0 0 |a Furniture painting   |x Amateurs manuals 
650 0 0 |a House painting   |x Amateurs' manuals 
700 1 |a Johnston, Larry 
710 1 |a Meredith Books 
999 |a 00204494   |b BUKU   |c PINJAMAN   |e PERPUSTAKAAN KOMUNITI PETALING JAYA